| 000 | 01234nam a2200313 i 4500 | ||
|---|---|---|---|
| 003 | DO-SdBNP | ||
| 005 | 20250528105612.0 | ||
| 007 | ta | ||
| 008 | 250515b2024 dr a|||| |||| 00| 0 spa d | ||
| 020 | _a9789945251012 | ||
| 040 |
_aDO-SdBNP _bspa _cBNPHU _erda |
||
| 041 | _aspa | ||
| 082 | 4 |
_222 _axxx _bR789f |
|
| 100 | 1 |
_aRosario Candelier, Bruno, _d1941- _4aut. _9851 _eautor |
|
| 245 | 1 | 3 |
_aLa ficción histórica : _bel arte literario de la fabulación / _cBruno Rosario Candelier ; corrección por Aimara Vera Riverón ; diagramación por Rafael Rolando Delmonte Soriano ; diseño de la cubierta por Yenifer De La Rosa Castillo. |
| 250 | _aPrimera edición | ||
| 264 | 4 |
_aSanto Domingo : _bArchivo General de la Nación, _c©2024. |
|
| 300 |
_a567 páginas : _bilustraciones, retratos ; _c23 cm. |
||
| 336 |
_atexto _btxt _2rdacontent |
||
| 337 |
_asin mediación _bn _2rdamedia |
||
| 338 |
_avolumen _bnc _2rdacarrier |
||
| 490 | 0 |
_a Archivo General de la Nación ; _v509 |
|
| 500 | _aIncluye datos biográficos del autor en las solapas | ||
| 500 | _aIncluye índice onomástico | ||
| 590 | _aInventariado, 2025 /LP | ||
| 700 | 1 |
_aVera Riverón, Aimara, _ecorrector _4corr. _977931 |
|
| 910 | _aLP | ||
| 942 |
_2ddc _cLBS1 |
||
| 999 |
_c58408 _d58408 |
||